|
|
|
|
| LEADER |
00000nam0a2200000 4500 |
| 001 |
96501 |
| 005 |
20231031110556.0 |
| 010 |
|
|
|a 5222069532
|
| 035 |
|
|
|a (RuTPU)RU\TPU\book\103316
|
| 090 |
|
|
|a 96501
|
| 100 |
|
|
|a 20060515d2006 m y0rusy50 ca
|
| 101 |
0 |
|
|a rus
|
| 102 |
|
|
|a RU
|
| 105 |
|
|
|a a j 001zy
|
| 200 |
1 |
|
|a Безопасность жизнедеятельности
|e учебник
|f В. Ю. Микрюков
|
| 210 |
|
|
|a Ростов-на-Дону
|c Феникс
|d 2006
|
| 215 |
|
|
|a 560 с.
|c ил.
|
| 225 |
1 |
|
|a Высшее образование
|
| 320 |
|
|
|a Библиогр.: с. 543-553.
|
| 451 |
|
1 |
|0 (RuTPU)RU\TPU\book\160275
|y 978-5-91134-206-7
|t Безопасность жизнедеятельности
|o учебник для среднего профессионального образования
|f В. Ю. Микрюков
|c М.
|n Форум
|d 2008
|p 464 с.
|s Профессиональное образование
|a Микрюков, Василий Юрьевич
|
| 610 |
1 |
|
|a безопасность жизнедеятельности
|
| 610 |
1 |
|
|a жизнедеятельность
|
| 610 |
1 |
|
|a стихийные бедствия
|
| 610 |
1 |
|
|a аварии
|
| 610 |
1 |
|
|a катастрофы
|
| 610 |
1 |
|
|a транспорт
|
| 610 |
1 |
|
|a производственные объекты
|
| 610 |
1 |
|
|a неблагоприятная экологическая обстановка
|
| 610 |
1 |
|
|a неблагоприятная социальная обстановка
|
| 610 |
1 |
|
|a пожароопасные объекты
|
| 610 |
1 |
|
|a взрывоопасные объекты
|
| 610 |
1 |
|
|a химически опасные объекты
|
| 610 |
1 |
|
|a радиационные объекты
|
| 610 |
1 |
|
|a эпидемии
|
| 610 |
1 |
|
|a общественные беспорядки
|
| 610 |
1 |
|
|a заложники
|
| 610 |
1 |
|
|a террористические акты
|
| 610 |
1 |
|
|a чрезвычайные ситуации
|
| 610 |
1 |
|
|a гражданская оборона
|
| 610 |
1 |
|
|a оружие массового поражения
|
| 610 |
1 |
|
|a техногенные аварии
|
| 610 |
1 |
|
|a травмы
|
| 610 |
1 |
|
|a ранения
|
| 610 |
1 |
|
|a ожоги
|
| 610 |
1 |
|
|a несчастные случаи
|
| 610 |
1 |
|
|a первая помощь
|
| 610 |
1 |
|
|a человек
|
| 610 |
1 |
|
|a техносфера
|
| 610 |
1 |
|
|a трудовая деятельность
|
| 610 |
1 |
|
|a классификация
|
| 610 |
1 |
|
|a комфортные условия
|
| 610 |
1 |
|
|a производственные опасности
|
| 610 |
1 |
|
|a антропогенные опасности
|
| 610 |
1 |
|
|a нормативные акты
|
| 610 |
1 |
|
|a охрана труда
|
| 610 |
1 |
|
|a экологичность
|
| 610 |
1 |
|
|a национальная безопасность
|
| 610 |
1 |
|
|a экономическая безопасность
|
| 610 |
1 |
|
|a военная безопасность
|
| 610 |
1 |
|
|a международная безопасность
|
| 610 |
1 |
|
|a социальная безопасность
|
| 610 |
1 |
|
|a экологическая безопасность
|
| 610 |
1 |
|
|a учебники
|
| 675 |
|
|
|a 614.8(075.8)
|v 3
|
| 700 |
|
1 |
|a Микрюков
|b В. Ю.
|g Василий Юрьевич
|
| 801 |
|
1 |
|a RU
|b 63413507
|c 20060515
|g PSBO
|
| 801 |
|
2 |
|a RU
|b 63413507
|c 20220517
|g PSBO
|
| 942 |
|
|
|c BK
|